Rapper's Delight Lyrics - Statistics

General Stats
  • This quiz has been taken 18 times
  • The average score is 1771 of 3121
Answer Stats
Answer % Correct
a
100%
A
100%
An
100%
An'
100%
and
100%
And
100%
N
100%
O
100%
R
100%
S
100%
T
100%
the
100%
The
100%
E
93%
He
93%
he
93%
hip
93%
I
93%
L
93%
M
93%
who
93%
be
86%
beat
86%
do
86%
F
86%
G
86%
go
86%
in
86%
is
86%
Is
86%
my
86%
My
86%
of
86%
Of
86%
on
86%
On
86%
rap
86%
To
86%
to
86%
up
86%
Y
86%
you
86%
You
86%
your
86%
boogie
79%
C
79%
don't
79%
Don't
79%
friend
79%
gon'
79%
gonna
79%
hello
79%
I'd
79%
me
79%
no
79%
rock
79%
Rock
79%
said
79%
Said
79%
say
79%
Say
79%
what
79%
Wonder
79%
But
71%
but
71%
feet
71%
hear
71%
Hear
71%
hell
71%
I'm
71%
it
71%
It
71%
like
71%
Like
71%
not
71%
red
71%
so
71%
So
71%
stop
71%
toes
71%
When
71%
when
71%
white
71%
yellow
71%
1
64%
am
64%
are
64%
at
64%
At
64%
black
64%
brown
64%
can
64%
Can
64%
got
64%
jump
64%
man
64%
Man
64%
Mike
64%
Now
64%
now
64%
purple
64%
rapping
64%
Rapping
64%
rhythm
64%
see
64%
test
64%
that
64%
That
64%
V
64%
2
57%
by
57%
By
57%
call
57%
friends
57%
friend's
57%
girl
57%
name
57%
rockin'
57%
two
57%
we
57%
We
57%
all
50%
All
50%
bang-bang
50%
body
50%
fly
50%
get
50%
groove
50%
her
50%
hip-hop
50%
hippie
50%
ladies
50%
lady
50%
let
50%
move
50%
Move
50%
out
50%
over
50%
rapper
50%
super
50%
tell
50%
then
50%
Then
50%
they
50%
They
50%
this
50%
This
50%
try
50%
with
50%
With
50%
big
43%
Big
43%
break
43%
come
43%
Come
43%
could
43%
dawn
43%
delight
43%
down
43%
ever
43%
first
43%
for
43%
For
43%
Gee
43%
gotta
43%
have
43%
Have
43%
his
43%
know
43%
Let's
43%
lets
43%
love
43%
make
43%
Master
43%
mic
43%
night
43%
one
43%
rest
43%
Rest
43%
sing
43%
six
43%
song
43%
Superman
43%
that'll
43%
there
43%
til
43%
until
43%
why
43%
3
36%
after
36%
As
36%
as
36%
baby
36%
Baby
36%
blue
36%
bunch
36%
day
36%
dip
36%
double
36%
every
36%
good
36%
Hank
36%
here
36%
Holiday
36%
hot
36%
Hotel
36%
I'll
36%
ill
36%
Inn
36%
into
36%
Into
36%
just
36%
Just
36%
Lane
36%
lie
36%
Lois
36%
mellow
36%
more
36%
motel
36%
off
36%
sperm
36%
sun
36%
than
36%
these
36%
today
36%
ya
36%
Ya
36%
4
29%
act
29%
ain't
29%
bank
29%
Bank
29%
brought
29%
Cadillac
29%
called
29%
cards
29%
Check
29%
cheese
29%
chicken
29%
color
29%
credit
29%
damn
29%
Damn
29%
doo
29%
eat
29%
eyes
29%
floor
29%
foot
29%
freak
29%
from
29%
From
29%
fun
29%
goes
29%
has
29%
heard
29%
house
29%
if
29%
known
29%
next
29%
Oh
29%
old
29%
or
29%
party
29%
play
29%
pool
29%
school
29%
shake
29%
spend
29%
start
29%
sucker
29%
take
29%
tee
29%
that's
29%
That's
29%
them
29%
TV
29%
voice
29%
way
29%
who's
29%
world
29%
worm
29%
wouldn't
29%
y'all
29%
you're
29%
You're
29%
about
21%
acting
21%
again
21%
air
21%
Ali
21%
along
21%
America
21%
ate
21%
baddest
21%
basketball
21%
behind
21%
best
21%
bet
21%
boyfriend
21%
care
21%
cars
21%
checkbooks
21%
code
21%
Continental
21%
crew
21%
dance
21%
dear
21%
dime
21%
dress
21%
early
21%
east
21%
Everybody
21%
everybody
21%
five
21%
food
21%
gang
21%
girls
21%
give
21%
goin'
21%
going
21%
guy
21%
had
21%
hands
21%
home
21%
how
21%
hunch
21%
inside
21%
It's
21%
it's
21%
its
21%
kind
21%
Knicks
21%
light
21%
made
21%
mind
21%
money
21%
Muhammad
21%
need
21%
OJ
21%
pantyhose
21%
pimp
21%
pop
21%
Pop
21%
reasons
21%
rocking
21%
Rocking
21%
same
21%
says
21%
She
21%
she
21%
some
21%
spank
21%
starts
21%
sunroof
21%
talk
21%
taste
21%
think
21%
three
21%
tons
21%
unforgettable
21%
vicious
21%
viciously
21%
was
21%
Well
21%
we'll
21%
well
21%
what's
21%
women
21%
wood
21%
years
21%
you've
21%
across
14%
already
14%
atmosphere
14%
Because
14%
been
14%
bodyguards
14%
book
14%
bout
14%
bull
14%
bum
14%
bump
14%
bust
14%
can't
14%
Casanova
14%
Cause
14%
cause
14%
chest
14%
clothes
14%
dare
14%
dark
14%
def
14%
derriere
14%
doctor
14%
door
14%
dream
14%
drive
14%
eight
14%
even
14%
everywhere
14%
face
14%
fairy
14%
far
14%
feeling
14%
fingers
14%
four
14%
foxy
14%
grandmaster
14%
guess
14%
heart
14%
heat
14%
high
14%
history
14%
hundred
14%
late
14%
Lincoln
14%
little
14%
look
14%
looks
14%
may
14%
mean
14%
mix
14%
moving
14%
much
14%
must
14%
new
14%
nine
14%
peas
14%
plate
14%
pretty
14%
put
14%
real
14%
really
14%
run
14%
saying
14%
scooby
14%
shock
14%
show
14%
soul
14%
stomping
14%
store
14%
street
14%
surely
14%
talking
14%
tall
14%
their
14%
they're
14%
uh-uh
14%
very
14%
wack
14%
wait
14%
waiting
14%
wall
14%
wanna
14%
went
14%
we're
14%
We're
14%
west
14%
whatcha
14%
which
14%
Whose
14%
Yeah
14%
young
14%
able
7%
adore
7%
afternoon
7%
age
7%
alive
7%
always
7%
around
7%
ask
7%
bar
7%
being
7%
bite
7%
blow
7%
bottle
7%
brand
7%
butter
7%
Captain
7%
cease
7%
chill
7%
cry
7%
cute
7%
dad
7%
dancing
7%
date
7%
definite
7%
definitely
7%
did
7%
didn't
7%
die
7%
dive
7%
does
7%
Dracula
7%
end
7%
fellas
7%
fight
7%
finesse
7%
finished
7%
Flying
7%
food's
7%
getting
7%
Getting
7%
gimme
7%
Gimme
7%
great
7%
guaranteed
7%
half
7%
hardy
7%
He's
7%
he's
7%
highs
7%
honey
7%
hypnotize
7%
I've
7%
Kaopectate
7%
keep
7%
laugh
7%
leave
7%
legend
7%
looked
7%
lows
7%
macaroni's
7%
Mama
7%
MC
7%
MCs
7%
mushed
7%
myself
7%
nauseous
7%
never
7%
okay
7%
Once
7%
outta
7%
pair
7%
people
7%
pile
7%
played
7%
plenty
7%
point
7%
polite
7%
prove
7%
pumping
7%
quick
7%
quit
7%
raise
7%
ready
7%
Reporter
7%
reporter
7%
right
7%
Right
7%
ring
7%
rocks
7%
roll
7%
room
7%
Rucker
7%
satisfy
7%
separates
7%
seven
7%
sexy
7%
she's
7%
sick
7%
sleep
7%
slowly
7%
soggy
7%
something
7%
sound
7%
steaming
7%
stick
7%
still
7%
Still
7%
stopped
7%
stride
7%
style
7%
suit
7%
suppose
7%
sweeter
7%
table
7%
tastes
7%
there's
7%
thing
7%
things
7%
thinking
7%
through
7%
throw
7%
tick
7%
time
7%
toast
7%
told
7%
tonight
7%
true
7%
twelve
7%
unique
7%
wet
7%
whatever
7%
whole
7%
wiggle
7%
wise
7%
without
7%
word
7%
write
7%
66
0%
advice
0%
affair
0%
alright
0%
appears
0%
A-skiddlee
0%
attempt
0%
bargained
0%
Bar-Kays
0%
beat-beat
0%
bebop
0%
beer
0%
before
0%
begun
0%
bell
0%
boast
0%
bong
0%
boogaloo
0%
boogie-bang
0%
brag
0%
breakfast
0%
brother
0%
bubba
0%
buttered
0%
came
0%
Carson
0%
case
0%
change
0%
checked
0%
chicken's
0%
chump
0%
civilized
0%
clientele
0%
closed
0%
collard
0%
coming
0%
created
0%
Crocker
0%
cutting
0%
danced
0%
deeper
0%
devastating
0%
dibbie
0%
Dimp
0%
disco
0%
doing
0%
Doing
0%
dreaming
0%
earned
0%
em
0%
fables
0%
fact
0%
fangs
0%
Farrah
0%
Fawcett
0%
fiend
0%
filled
0%
finally
0%
find
0%
fit
0%
fixed
0%
forgot
0%
Frankie
0%
freaks
0%
freak's
0%
Friday
0%
front
0%
full
0%
gambling
0%
Ghost
0%
Giving
0%
goddamn
0%
greens
0%
groovy
0%
group
0%
heaven
0%
hip-a-hop
0%
Holy
0%
horns
0%
hype
0%
I'ma
0%
Imp
0%
interview
0%
jams
0%
jig-jig-jiggles
0%
jig-jig-jigglin'
0%
jive
0%
Johnny
0%
joint
0%
later
0%
lean
0%
life
0%
lifetime
0%
live
0%
love-love
0%
makes
0%
making
0%
Mason
0%
masterpiece
0%
millionaire
0%
miracles
0%
m-make
0%
moment
0%
most
0%
moves
0%
named
0%
o'clock
0%
only
0%
originality
0%
party's
0%
Perry
0%
Phase
0%
picking
0%
place
0%
popcorn
0%
popping
0%
punk
0%
rainy
0%
release
0%
relief
0%
remember
0%
resist
0%
rhyme
0%
rhymes
0%
rhythmic
0%
rocked
0%
Rock-rock
0%
rock-rock
0%
rotting
0%
Sassoons
0%
scene
0%
seat
0%
serious
0%
shocks
0%
shoobie
0%
shook
0%
shuffle
0%
Singing
0%
singing
0%
sit
0%
Sit
0%
sitting
0%
skip
0%
Sky
0%
sleeping
0%
sounds
0%
speak
0%
steal
0%
stereo
0%
sticks
0%
stinks
0%
stinky
0%
stories
0%
sure-shot
0%
system's
0%
Taggin'
0%
tock
0%
toot
0%
toward
0%
traveled
0%
treacherous
0%
tree
0%
trio
0%
trying
0%
t-t-tickets
0%
turned
0%
turntables
0%
ugly
0%
understand
0%
versatile
0%
weak
0%
week
0%
weeks
0%
while
0%
No matching quizzes found
Score Distribution
Percent of People with Each Score
Percentile by Number Answered
Your Score History
You have not taken this quiz